000 00618nam a22002417a 4500
003 UA-OsUOA
001 32734
007 ta
008 20050210b un ||||| |||| 00| 0 ukr d
100 _aКаверин В.
090 _a002:929
_bК12
942 _cBK
040 _aUA-OsUOA
_brus
_cUA-OsUOA
_dUA-OsUOA
245 _aБарон Брамбеус
_bИстория осипа сенковского
_cВ. Каверин; В. Баверин
300 _a237 с.
955 _a0
041 _arus
080 _a002:929
260 _aМ.
_bНаука
_c1966
044 _aRU
650 7 _2UDC
999 _c319185
_d319185